| 000 | 01644nam a22002177a 4500 | ||
|---|---|---|---|
| 999 |
_c60172 _d60172 |
||
| 003 | Ge_BSU | ||
| 005 | 20230615110500.0 | ||
| 008 | 230614s1979 ge ||||| |||| 00| 0 geo d | ||
| 041 | _ageo | ||
| 080 | _a902.2(479.222.11) ვ-18 | ||
| 245 |
_aვანი : არქეოლოგიური გათხრები : _b[სტატიების კრებული]. [ტ.] 4 / _cრედ. ოთ. ლორთქიფანიძე ; საქ. სსრ მეცნ. აკად., ივ. ჯავახიშვილის სახ. ისტორიის, არქეოლოგიისა და ეტნოგრაფიის ინსტიტუტის არქეოლოგიური კვლევის ცენტრი. |
||
| 264 |
_aთბილისი : _bმეცნიერება, _c1979. |
||
| 300 |
_a170 გვ. : _b78 ფ. ილ. _c29 სმ. |
||
| 500 | _aზოგიერთი სტატია რუს. | ||
| 501 | _aპარალ. სათ. რუს. და ფრ. ენაზე | ||
| 520 | _a რეზ. რუს., ინგლ. | ||
| 653 | _aარქეოლოგიური გათხრები - ვანი | ||
| 700 |
_aლორთქიფანიძე, ოთ. _eრედაქტორი _918351 |
||
| 710 |
_aსაქართველოს სსრ მეცნიერებათა აკადემია. _bივ. ჯავახიშვილის სახ.ისტორიის, არქეოლოგიისა და ეთნოგრაფიის ინსტიტუტი _918719 |
||
| 942 |
_2udc _cBK |
||